Výhody a riziká tímovej práce

Pracovná skupina, skupinové normy, skupinový výkon, negatívne javy v skupine. Rozdiely medzi tímom a pracovnou skupinou. Prierezové, medzinárodné, virtuálne tímy. Efektívny tím.

Gespeichert in:
Bibliographische Detailangaben
1. Verfasser: Rolková, Monika
Format: Buchkapitel
Sprache:Slowakisch
Schlagworte:
Tags: Tag hinzufügen
Keine Tags, Fügen Sie das erste Tag hinzu!

MARC

LEADER 00000naa a2200000 4500
001 0136411
005 20231120125222.4
041 0 |a slo 
044 |a SK 
245 1 0 |a Výhody a riziká tímovej práce  |c Monika Rolková 
520 |a Pracovná skupina, skupinové normy, skupinový výkon, negatívne javy v skupine. Rozdiely medzi tímom a pracovnou skupinou. Prierezové, medzinárodné, virtuálne tímy. Efektívny tím. 
610 2 0 |a skupiny pracovné 
610 2 0 |a tímy pracovné 
610 2 0 |a efektívnosť 
100 1 |a Rolková, Monika